02418nam a2200217 u 45000010006000000050017000060080041000230200018000640350010000820350021000920400013001130410008001260820008001341000032001422450025001742600035001993000047002345051862002816500025021436500032021686839520260504074300.0960313s1973 spa  a9788429172218 a68395 a(OCoLC)778193149 ccomduadb aspa 4a54110aHarris, Gordon M.4auteaut10aCinética química aBarcelona :bReverté,c1973. aviii, 125 páginas :bgráficas, tablas. aCONTENIDO : Cinética y equilibrio. -- Clasificación de los sistemas en reacción. -- Velocidad de reacción. -- Procesos elemental. -- Finalidades del estudio de la cinética de las reacciones químicas. -- Deducción del mecanismo de reacción. -- Predicción teórica de la velocidad de procesos elementales. -- Teoría de la colisión. -- Estado activado. -- Teoría de la colisión de la velocidad de reacción: Reacciones bimoleculares, monomoleculares. -- Predicción teórica de la velocidad de procesos elementales. -- Teoría del estado de transición. -- Requisitos para la descomposición espontánea de una molécula. -- Velocidad de la descomposición monomolecular espontánea. -- Estudio mecánico estadístico generalizado de la velocidad de reacción. -- Predicción de la magnitud de velocidades de reacción basada en la teoría del estado de transición generalizada. -- Comparación de las diversas teorías de la velocidad de reacción. -- Estudio de los valores de la velocidad en función de factores regulables. -- Efectos de concentración y temperatura. -- Estudio matemático previo - Deducción por integración de expresiones de velocidad concentración/tiempo. -- Datos experimentales de concentración/tiempo. -- Estudio experimental del efecto de la temperatura sobre la velocidad de reacción. -- Interpretación de los valores de velocidad. -- Deducción de la ecuación de velocidad y de la constante de velocidad. -- Factores complicantes en el estudio de los valores de la velocidad en función de variaciones de concentración. -- Efectos de mecanismos multifásicos. -- Procesos monodireccionales. -- Miscelánea de efectos complicantes. -- Efectos ambientales sobre la velocidad de las reacciones químicas. -- Teorías fundamentales de los efectos ambientales. . aCinética química 7aReacciones químicas2lemb